| 000 | 00000nam##2200000za#4500 |
| 001 | 9.615737 |
| 003 | CaOODSP |
| 005 | 20200813121900 |
| 007 | ta |
| 008 | 150406|2001||||xxc||||| f|0| 0 eng|d |
| 020 | |a0-660-18618-7 |
| 022 | |a1200-5223 |
| 040 | |aCaOODSP|beng |
| 043 | |an-cn--- |
| 086 | 1 |aCS11-0019/174E |
| 245 | 00|aImpact of the adoption of advanced information and communication technologies on firm performance in the Canadian manufacturing sector / |cby John R. Baldwin and David Sabourin. |
| 260 | |aOttawa - Ontario : |bStatistics Canada |c2001. |
| 300 | |av, 34p. : |bgraphs, references, tables ; |c28 cm. |
| 490 | 1 |aResearch paper series|x1200-5223|vNo. 174 |
| 500 | |a"This paper investigates the evolution of the industrial structure in the Canadian manufacturing sector and its relationship to technological change by examining the take-up of advanced technologies and how it is related to the stochastic growth process in the plant population."--Abstract. |
| 520 | 3 |aThis paper investigates the evolution of the industrial structure in the Canadian manufacturing sector and its relationship to technological change by examining the take-up of advanced technologies and how it is related to the stochastic growth process in the plant population.--Abstract |
| 563 | |aSoftcover |
| 590 | |a01-41|b2001-10-12 |
| 690 | 07|aInformation technology|2gcpds |
| 690 | 07|aManufacturing industry|2gcpds |
| 690 | 07|aTelecommunications|2gcpds |
| 710 | 2 |aStatistics Canada. |
| 720 | 1 |aSabourin, David |
| 720 | 1 |aBaldwin, John R. |
| 776 | 0#|tImpact of the adoption of advanced information and communication technologies on firm performance in the Canadian manufacturing sector / |w(CaOODSP)9.557950 |
| 830 | #0|aResearch paper series,|x1200-5223|vNo. 174|w(CaOODSP)9.514463 |